Borders - Countries and Exclaves - Statistics

General Stats
  • This quiz has been taken 35 times
  • The average score is 19 of 41
Answers on the Map
Answers color-coded by a green-red scale on the quiz's map according to % correct below.
 
Answer Stats
ANSWER % Correct
Northern Ireland
90%
83%
83%
French Guiana
83%
Brunei
73%
Malaysia
73%
Spain
73%
Spain
73%
United Kingdom
73%
United Kingdom
73%
United Kingdom
73%
Russia
70%
Indonesia
67%
Kaliningrad
67%
East-Timor
63%
France
63%
Angola
60%
Azerbaijan
60%
Gibraltar
60%
Ceuta
57%
Oman
50%
Oman
50%
United Arab Emirates
50%
Netherlands
43%
West-Timor
43%
Melilla
40%
Belgium
37%
Cabinda Province
37%
Papua and West Papua
33%
Akrotiri and Dhekelia
27%
Baarle-{Nassau}
20%
Kalimantan
20%
Baarle-{Hertog}
17%
East Malaysia
17%
Nakhchivan Autonomous Republic
10%
Oecusse
7%
{India-Bangladesh} Border
3%
Musandam
3%
Madha
0%
Nahwa
0%
Temburong District
0%
No matching quizzes found
Score Distribution
Percent of People with Each Score
Percentile by Number Answered
Your Score History
You have not taken this quiz